| 000 | 00765cam a22002053a 4500 | ||
|---|---|---|---|
| 001 | 39811 | ||
| 003 | PGUSA | ||
| 005 | 20140828083904.0 | ||
| 008 | 120526s2012||||xxu|||||s|||||000 | eng d | ||
| 040 |
_aPGUSA _beng |
||
| 042 | _adc | ||
| 100 | 1 |
_aVolney, C.-F. _q(Constantin-François), _d1757-1820 |
|
| 245 | 1 | 0 |
_aOeuvres, Tome VII : _bLeçons d'histoire, prononcées à l'École normale; en l'an III de la République Française; Histoire de Samuel, inventeur du sacre des rois; État physique de la Corse. _h[electronic resource] / _cC.-F. Volney |
| 260 |
_bProject Gutenberg, _c2012 |
||
| 506 | _aPublic domain in the USA. | ||
| 516 | _aElectronic text | ||
| 830 | 0 |
_aProject Gutenberg _v39811 |
|
| 856 | 4 | 0 | _uhttp://www.gutenberg.org/ebooks/39811 |
| 942 | _cEB | ||
| 999 |
_c269064 _d269064 |
||